Sports Quiz

Random Sports or Baseball Quiz

Silver Sluggers (Shortstop) Quiz Stats

 Plays Quiz Updated Nov 9, 2018

Score 0/78 Timer 07:00
2 Plays Today
Year Player % Correct
2009Derek Jeter
95.7%
2006Derek Jeter
95.7%
2007Derek Jeter
95.7%
2008Derek Jeter
95.7%
2012Derek Jeter
95.6%
1996Alex Rodriguez
90.6%
1998Alex Rodriguez
90.6%
1999Alex Rodriguez
90.6%
2000Alex Rodriguez
90.6%
2001Alex Rodriguez
90.6%
2002Alex Rodriguez
90.6%
2003Alex Rodriguez
90.6%
1983Cal Ripken Jr
89.5%
1984Cal Ripken Jr
89.5%
1985Cal Ripken Jr
89.5%
1986Cal Ripken Jr
89.5%
1989Cal Ripken Jr
89.5%
1991Cal Ripken Jr
89.5%
1993Cal Ripken Jr
89.5%
1994Cal Ripken Jr
89.5%
2007Jimmy Rollins
85.3%
2008Hanley Ramirez
83.2%
2009Hanley Ramirez
83.2%
1988Barry Larkin
82.4%
1989Barry Larkin
82.4%
1990Barry Larkin
82.4%
1991Barry Larkin
82.4%
1995Barry Larkin
82.4%
1996Barry Larkin
82.4%
1992Barry Larkin
82.4%
1998Barry Larkin
82.4%
1999Barry Larkin
82.4%
2006Jose Reyes
76.8%
2014Alexei Ramirez
74.6%
2004Miguel Tejada
73.6%
2005Miguel Tejada
73.6%
1987Ozzie Smith
73.2%
1997Nomar Garciaparra
73.2%
2018Francisco Lindor
70.5%
Year Player % Correct
2017Corey Seager
70.4%
2016Corey Seager
68.2%
2017Francisco Lindor
68.1%
2018Trevor Story
64.7%
1980Robin Yount
62.8%
1982Robin Yount
62.8%
2015Brandon Crawford
59.5%
2016Xander Bogaerts
58.9%
2013J.J. Hardy
57.1%
1987Alan Trammell
54.5%
1988Alan Trammell
54.5%
1990Alan Trammell
54.5%
2015Xander Bogaerts
54%
2012Ian Desmond
53.5%
2013Ian Desmond
53.5%
2000Edgar Renteria
53.1%
2002Edgar Renteria
53.1%
2003Edgar Renteria
53.1%
2014Ian Desmond
52.3%
2010Alexei Ramirez
46%
2010Troy Tulowitzki
45%
2004Jack Wilson
40.8%
2011Troy Tulowitzki
33.8%
1981Dave Concepcion
31.4%
1982Dave Concepcion
31.4%
2001Rich Aurilia
25.6%
1980Garry Templeton
23.3%
1984Garry Templeton
23.3%
2011Asdrubal Cabrera
21.7%
1997Jeff Blauser
19%
1993Jay Bell
18.3%
1995John Valentin
17.3%
2005Felipe Lopez
13.1%
1983Dickie Thon
12.4%
1992Travis Fryman
12.3%
1985Hubie Brooks
10.2%
1986Hubie Brooks
10.2%
1981Rick Burleson
6.6%
1994Wil Cordero
6.3%

You're not logged in!

Compare scores with friends on all Sporcle quizzes.
OR
Log In

Sporcle TV

Today on Sporcle TV


Watch our educational content, quiz creation guides, and fun videos on Sporcle TV.

Show Comments

Extras

Top Quizzes Today


Score Distribution

Your Account Isn't Verified!

In order to create a playlist on Sporcle, you need to verify the email address you used during registration. Go to your Sporcle Settings to finish the process.

Report this User

Report this user for behavior that violates our Community Guidelines.

Details: